[Event "Olympiad Women-44"]
[Site "Chennai"]
[Date "2022.08.06"]
[Round "8.2"]
[White "Murad, Fatema Alzahraa"]
[Black "Garcia, Andrea Nicole"]
[Result "1-0"]
[WhiteElo "1791"]
[BlackElo "1631"]
[PlyCount "65"]
[EventDate "2022.07.29"]
[EventType "team-swiss"]
[EventRounds "11"]
[EventCountry "IND"]
[SourceTitle "CBM 210"]
[Source "ChessBase"]
[SourceDate "2022.10.31"]
[SourceVersion "1"]
[SourceVersionDate "2022.10.31"]
[SourceQuality "1"]
[WhiteTeam "Syria (W)"]
[BlackTeam "Honduras (W)"]
[WhiteTeamCountry "SYR"]
[BlackTeamCountry "HON"]

1. d4 d5 2. c4 e6 3. Nc3 Nf6 4. Nf3 Nbd7 5. Bg5 Be7 6. e3 c6 7. Be2 0-0 8. 0-0 dxc4 9. Bxc4 b5 10. Bd3 a6 11. Qe2 Bb7 12. Rfd1 Nd5 13. Bxe7 Qxe7 14. Rac1 Rac8 15. a4 Nxc3 16. Rxc3 g6 17. Rdc1 f5 18. e4 Qf6 19. exf5 exf5 20. Ne5 Nxe5 21. dxe5 Qe6 22. Qe3 Kg7 23. Qb6 Rf7 24. axb5 axb5 25. Bxb5 Qxe5 26. Bc4 Re7 27. Re3 Qf6 28. Rxe7+ Qxe7 29. Qd4+ Kh6 30. Rc3 Qe1+ 31. Bf1 Qe4 32. Qf6 f4 33. Rh3# 1-0

[Event "FISU World University"]
[Site "Tornelo INT"]
[Date "2020.10.26"]
[Round "3.16"]
[White "Garcia, Andrea Nicole"]
[Black "Zuleta, Juan Carlos"]
[Result "0-1"]
[WhiteElo "1654"]
[BlackElo "1934"]
[PlyCount "108"]
[EventDate "2020.10.26"]
[EventType "team-swiss (rapid)"]
[EventRounds "9"]
[EventCountry "NET"]
[SourceTitle "CBM 199 Extra"]
[Source "ChessBase"]
[SourceDate "2021.01.31"]
[SourceVersion "1"]
[SourceVersionDate "2021.01.31"]
[SourceQuality "1"]
[WhiteTeam "Honduras"]
[BlackTeam "Colombia V"]
[WhiteTeamCountry "HON"]
[BlackTeamCountry "COL"]

1. e4 c5 2. Nc3 e6 3. d3 a6 4. g3 Ne7 5. Bg2 g6 6. Be3 d6 7. Qd2 Bg7 8. Bh6 0-0 9. h4 f6 10. Bxg7 Kxg7 11. h5 g5 12. f4 h6 13. Nf3 Nec6 14. 0-0-0 Nd4 15. Nxd4 cxd4 16. Ne2 Nc6 17. fxg5 fxg5 18. Rdf1 e5 19. Rxf8 Qxf8 20. Rf1 Qe7 21. Ng1 Be6 22. Qf2 Rf8 23. Qxf8+ Qxf8 24. Rxf8 Kxf8 25. Bf3 g4 26. Bd1 Ne7 27. c3 dxc3 28. bxc3 Ng8 29. Bb3 Bxb3 30. axb3 Nf6 31. Ne2 Nxh5 32. Kb2 Ke7 33. Ka3 b6 34. Kb4 Kd7 35. Kc4 Nf6 36. b4 Kc6 37. Kb3 d5 38. exd5+ Nxd5 39. c4 Ne3 40. Kc3 Nf5 41. Kd2 h5 42. Ke1 a5 43. bxa5 bxa5 44. Kf2 a4 45. Nc3 a3 46. Na2 Kc5 47. Nc1 Kd4 48. Na2 Kxd3 49. c5 Nd4 50. Nc1+ Kc2 51. Ne2 a2 52. Nxd4+ exd4 53. c6 a1Q 54. c7 Qc3 0-1

[Event "Olympiad Women-43"]
[Site "Batumi"]
[Date "2018.10.04"]
[Round "10.4"]
[White "Magno, Angelica"]
[Black "Garcia, Andrea Nicole"]
[Result "0-1"]
[WhiteElo "1105"]
[BlackElo "1698"]
[PlyCount "108"]
[EventDate "2018.09.24"]
[EventType "team-swiss"]
[EventRounds "11"]
[EventCountry "GEO"]
[SourceTitle "EXT 2020"]
[Source "ChessBase"]
[SourceDate "2019.10.17"]
[SourceVersion "1"]
[SourceVersionDate "2019.10.17"]
[SourceQuality "1"]
[WhiteTeam "Palau (W)"]
[BlackTeam "Honduras (W)"]
[WhiteTeamCountry "PAL"]
[BlackTeamCountry "HON"]

1. e4 e5 2. Nc3 Nf6 3. Nf3 Nc6 4. Bc4 Be7 5. 0-0 d6 6. h3 a6 7. a3 b5 8. Ba2 Bb7 9. Re1 0-0 10. b4 h6 11. d4 Re8 12. d5 Nb8 13. Be3 Nh7 14. g3 Qd7 15. Kg2 f5 16. exf5 Qxf5 17. g4 Qf7 18. Rh1 Bf6 19. Bd2 Rf8 20. Ne4 Nd7 21. Be3 Be7 22. c4 bxc4 23. Bxc4 Nhf6 24. Nc3 Nb6 25. Bb3 Nbxd5 26. Nxd5 Bxd5 27. Rb1 Bxb3 28. Rxb3 Nd5 29. Rf1 Qe6 30. g5 Nf4+ 31. Bxf4 Rxf4 32. h4 Qg4+ 33. Kh1 c6 34. Rg1 Qh3+ 35. Nh2 Qxh4 36. gxh6 Qxh6 37. Rbg3 Bf8 38. R1g2 Ra7 39. Qb3+ d5 40. f3 Rh4 41. Kg1 Rb7 42. Qb2 Qe3+ 43. Rf2 Qe1+ 44. Kg2 Bc5 45. Rf1 Rxh2+ 46. Kxh2 Qxf1 47. Qg2 Qxg2+ 48. Kxg2 Be7 49. Rh3 Bf6 50. Kf1 d4 51. Ke2 Kf7 52. Kd3 Ke6 53. Rh8 Kd5 54. Ra8 Rb6 0-1

[Event "Olympiad Women-43"]
[Site "Batumi"]
[Date "2018.09.28"]
[Round "5.29"]
[White "Garcia, Andrea Nicole"]
[Black "Espinosa Cancino, Monica"]
[Result "1/2-1/2"]
[WhiteElo "1698"]
[BlackElo "1655"]
[PlyCount "55"]
[EventDate "2018.09.24"]
[EventType "team-swiss"]
[EventRounds "11"]
[EventCountry "GEO"]
[SourceTitle "EXT 2020"]
[Source "ChessBase"]
[SourceDate "2019.10.17"]
[SourceVersion "1"]
[SourceVersionDate "2019.10.17"]
[SourceQuality "1"]
[WhiteTeam "Honduras (W)"]
[BlackTeam "Scotland (W)"]
[WhiteTeamCountry "HON"]
[BlackTeamCountry "SCO"]

1. e4 c5 2. Nc3 Nc6 3. g3 d6 4. Bg2 g6 5. d3 Bg7 6. Be3 e6 7. Qd2 Nge7 8. Nge2 0-0 9. Bh6 e5 10. h4 Kh8 11. h5 Bxh6 12. Qxh6 Ng8 13. Qe3 g5 14. h6 Nd4 15. Rc1 f6 16. Qd2 Ne6 17. Nd5 b5 18. c3 Nc7 19. Ne3 Ne7 20. b4 Bb7 21. d4 c4 22. d5 Bc8 23. f3 Ng6 24. Bh3 Ne7 25. Bg2 Ng6 26. Bh3 Ne7 27. Bg2 Ng6 28. Bh3 1/2-1/2

[Event "HON-ch sf1"]
[Site "Tegucigalpa"]
[Date "2018.01.21"]
[Round "6"]
[White "Garcia, Andrea Nicole"]
[Black "Hernandez, Juan Carlos"]
[Result "1/2-1/2"]
[WhiteElo "1668"]
[BlackElo "2015"]
[PlyCount "111"]
[EventDate "2018.01.13"]
[EventType "swiss"]
[EventRounds "7"]
[EventCountry "HON"]
[SourceTitle "EXT 2019"]
[Source "ChessBase"]
[SourceDate "2018.10.10"]
[SourceVersion "1"]
[SourceVersionDate "2018.10.10"]
[SourceQuality "1"]

1. e4 e6 2. d4 d5 3. exd5 exd5 4. Nc3 Nf6 5. Bg5 Be7 6. Bd3 Bg4 7. f3 Be6 8. Nge2 c6 9. Qd2 Nbd7 10. f4 Nb6 11. b3 Nc8 12. Ng3 h6 13. Bxf6 Bxf6 14. f5 Bd7 15. Qe3+ Qe7 16. Qxe7+ Nxe7 17. Nce2 0-0-0 18. Rf1 Bh4 19. 0-0-0 g6 20. fxg6 fxg6 21. h3 Rhf8 22. Rxf8 Rxf8 23. Rf1 Rxf1+ 24. Nxf1 Bf6 25. c3 g5 26. Nfg3 g4 27. hxg4 Bxg4 28. Kc2 Bg5 29. Ng1 Bh4 30. Nf1 Nf5 31. Nf3 Bf6 32. Kd2 Nh4 33. N1h2 Be6 34. Nxh4 Bxh4 35. Nf3 Bg3 36. Ke3 Bg4 37. Ne5 Bh5 38. Bf5+ Kc7 39. Ng4 Bh4 40. Kd3 Bg5 41. Ne5 Kd6 42. g4 Be8 43. Nf3 Bf6 44. Bc8 b6 45. b4 a5 46. bxa5 bxa5 47. Bf5 Bf7 48. Nd2 a4 49. c4 dxc4+ 50. Nxc4+ Bxc4+ 51. Kxc4 Be7 52. Bc8 Kc7 53. Bf5 Kb6 54. d5 c5 55. Be6 Bd6 56. Bf5 1/2-1/2